Propagation of short radio waves (Record no. 996)

MARC details
000 -LEADER
fixed length control field 00456nam a2200157Ia 4500
003 - CONTROL NUMBER IDENTIFIER
control field IN-BaIIA
008 - FIXED-LENGTH DATA ELEMENTS--GENERAL INFORMATION
fixed length control field 211028s9999 xx 000 0 eng d
040 ## - CATALOGING SOURCE
Transcribing agency IIA Library
080 ## - UNIVERSAL DECIMAL CLASSIFICATION NUMBER
Universal Decimal Classification number 551.510.6
Item number KER
100 ## - MAIN ENTRY--PERSONAL NAME
Personal name Kerr, E Donald
9 (RLIN) 2149
245 #0 - TITLE STATEMENT
Title Propagation of short radio waves
Statement of responsibility, etc. E Donald Kerr
260 ## - PUBLICATION, DISTRIBUTION, ETC.
Place of publication, distribution, etc. New York
Name of publisher, distributor, etc. McGraw-Hill
Date of publication, distribution, etc. 1951
300 ## - PHYSICAL DESCRIPTION
Extent xvii, 728p.
650 ## - SUBJECT ADDED ENTRY--TOPICAL TERM
Topical term or geographic name entry element Radio waves
9 (RLIN) 2150
942 ## - ADDED ENTRY ELEMENTS (KOHA)
Koha item type Books
Holdings
Withdrawn status Lost status Damaged status Not for loan Home library Current library Shelving location Date acquired Total Checkouts Full call number Barcode Date last seen Price effective from Koha item type
        IIA Library-Bangalore IIA Library-Kodaikanal General Stacks     551.510.6/ KER 1038 05/11/2021   Books

Powered by Koha